Dua Lipa - Paroles Levitating - Statistiques

Statistiques générales
  • Ce quiz a été pris 121 fois
  • Le résultat moyen est 391 sur 500
Statistiques - réponses
Hint Réponse % Correct
come on, dance with me
98%
I
98%
I'm levitating
98%
levitating
98%
me,
98%
me
98%
you
98%
You
98%
you,
98%
You,
98%
(you
98%
a
94%
my
94%
My
94%
I'm
90%
with
90%
need
89%
night,
89%
night
89%
night),
89%
the
89%
The
89%
(whoo)
89%
baby
88%
Baby,
88%
baby)
88%
come
88%
(come
88%
starlight
88%
starlight)
88%
want
88%
way
88%
Way,
88%
dance
87%
in
87%
all
85%
(all
85%
can
85%
for
85%
go
84%
Couplet 1 If
84%
if
84%
on,
83%
on
83%
you're
83%
(you're
83%
galaxy
82%
take
82%
(take
82%
got
81%
moonlight,
81%
moonlight)
81%
ride
80%
ride)
80%
we
80%
We
80%
(yeah),
80%
Yeah, yeah, yeah, yeah, yeah
80%
Yeah, yeah, yeah, yeah, yeah (whoo)
80%
And
79%
away
79%
know
79%
sugarboo,
79%
to,
79%
run
78%
like
76%
sky,
76%
eyes
74%
wanna
74%
do
72%
Where
72%
had
71%
feel
70%
Glitter
70%
glitter
70%
don't
69%
Milky
67%
stop
67%
time
67%
life
65%
of
65%
perfect
64%
that
63%
we're
63%
at
62%
just
58%
little
58%
premonition
58%
bit
57%
company
57%
let
57%
(let
57%
met
57%
music
57%
are
56%
into
56%
tonight
55%
(tonight)
55%
fly
54%
Shining
54%
fell
53%
feeling
52%
it
52%
rhythm
52%
so
47%
can't
43%
is
42%
love
42%
our
40%
get
38%
energy
37%
ever,
36%
ever
36%
stars
36%
renegading
35%
off
34%
see
34%
far
33%
or
31%
together
31%
too
31%
wanted
31%
every
30%
let's
30%
electric,
29%
even
29%
lost
29%
now
29%
But
28%
never,
27%
blast
26%
us
26%
believe
25%
Mars
25%
rocket,
25%
wherever,
25%
watch
24%
written
24%
forever,
21%
whatever,
21%
arse
17%
Nothing's
17%
Aucun quiz correspondant
Distribution des résultats
% des personnes avec chaque résultat
Percentile par nombre de réponses
Votre historique - résultats
Vous n’avez pas pris ce quiz